Redukovaný odhad regresného koeficienta

Salvato in:
Dettagli Bibliografici
Autore principale: Kotlebová, Eva
Natura: Capitolo di libro
Lingua:slovacco
Soggetti:
Tags: Aggiungi Tag
Nessun Tag, puoi essere il primo ad aggiungerne!!

MARC

LEADER 00000naa$a2200000$$$4500
001 0145766
005 20240502072630.5
041 0 |a slo 
044 |a SK 
245 1 0 |a Redukovaný odhad regresného koeficienta  |c Eva Kotlebová 
500 |a Abstrakt 
610 2 0 |a modely regresné 
610 2 0 |a koeficient regresný 
610 2 0 |a štatistika 
610 2 0 |a výdavky 
610 2 0 |a domácnosti 
100 1 |a Kotlebová, Eva